JOSHI AND KOTWAL'S ESSENTIALS OF ORTHOPAEDICS AND APPLIED PHYSIOTHERAPY (Record no. 8372)

MARC details
000 -LEADER
fixed length control field 00489nam a22001817a 4500
005 - DATE AND TIME OF LATEST TRANSACTION
control field 20230817140314.0
008 - FIXED-LENGTH DATA ELEMENTS--GENERAL INFORMATION
fixed length control field 230817b |||||||| |||| 00| 0 eng d
020 ## - INTERNATIONAL STANDARD BOOK NUMBER
ISBN 978-81-312-5547-6
041 ## - LANGUAGE CODE
Language code of text/sound track or separate title eng
082 ## - DEWEY DECIMAL CLASSIFICATION NUMBER
Classification number 616.7
100 ## - MAIN ENTRY--AUTHOR NAME
Personal name KOTWAL, PRAKASH AND MITTAL, KANCHAN
245 ## - TITLE STATEMENT
Title JOSHI AND KOTWAL'S ESSENTIALS OF ORTHOPAEDICS AND APPLIED PHYSIOTHERAPY
250 ## - EDITION STATEMENT
Edition statement 4TH, ED,
260 ## - PUBLICATION, DISTRIBUTION, ETC. (IMPRINT)
Place of publication HARYANA
Name of publisher ELSEVIER
Year of publication 2020
300 ## - PHYSICAL DESCRIPTION
Number of Pages 686;p
650 ## - SUBJECT ADDED ENTRY--TOPICAL TERM
Topical Term BPT
942 ## - ADDED ENTRY ELEMENTS (KOHA)
Koha item type Books
Holdings
Lost status Damaged status Collection code Home library Current library Shelving location Date acquired Source of acquisition Cost, normal purchase price Full call number Accession Number Koha item type
    PHYSIOTHERAPY JRU Library JRU Library SHELF-20-B 05/08/2023 PURCHASE 1395.00 616.7 27843 Books
    PHYSIOTHERAPY JRU Library JRU Library SHELF-20-B 05/08/2023 PURCHASE 1395.00 616.7 27844 Books
    PHYSIOTHERAPY JRU Library JRU Library SHELF-20-B 05/08/2023 PURCHASE 1395.00 616.7 27845 Books